000 01010nam a2200277 a 4500
001 000024629
005 20200930023258.0
008 110201s1969 ve a r 000 0 spa d
040 _aDO-SdBNP
_bger
_cBNPHU
041 1 7 _aspa
_heng
_2Código de idioma MARC
082 _a834.91
_bS449m
100 1 _aSedlmayr, Hans,
_d1896-1984.
_950506
240 1 0 _aDer Tod des Lichtes.
_lEspañol.
245 1 0 _aLa muerte de la lúz :
_bperspectivas generales sobre el arte moderno, ensayos /
_cHans Sedlmayr ; versión castellana de Miguel Mascialino.
260 _aCaracas, Venezuela :
_bMonte Ávila Editores,
_c1969.
300 _a250, [10] p. :
_bil. ;
_c20 cm.
490 1 _aPrisma
534 _aTítulo original alemán:
_tDer Tod des Lichtes
504 _aIncluye referencias bibliográficas
500 _aIncluye notas al pie de las páginas
650 4 _aEnsayo alemán
_950507
650 4 _aLiteratura alemana
_93274
700 1 _aMascialino, Miguel
_etr.
_948464
830 0 _aPrisma
_93770
049 _aBNGR
999 _c24122
_d24122